Statistics for The Ronald Reagan Presidency

Click here to take the quiz!

General Stats

  • This quiz has been taken 21,818 times
  • The average score is 13 of 22

Answer Stats

HintAnswer% Correct
State he governedCalifornia
92%
First name of the First LadyNancy
90%
"Just Say No" to these, according
to the First Lady
Drugs
86%
Fill-in-the-blankMr. Gorbachev, {tear} {down} this wall
86%
His Vice PresidentGeorge H.W. Bush
84%
1980 election opponentJimmy Carter
77%
Space shuttle that explodedChallenger
76%
His name for the Soviet UnionThe {Evil} Empire
76%
Disease he was diagnosed
with in 1994
Alzheimer's
75%
Scandal where the U.S.
sold arms to Iran
Iran-Contra
68%
Nickname of his proposed
missile defense system
Star Wars
67%
His nickname, because no
scandals could stick to him
The {Teflon}
President
59%
1984 election opponentWalter Mondale
53%
Fill-in-the-blankIt's morning again in {America}
49%
State where he was bornIllinois
47%
Fill-in-the-blankHoney, I forgot to {duck}
42%
Nickname, based on his role in
"Knute Rockne, All American"
The {Gipper}
41%
Nickname, based on his
speaking ability
The Great
{Communicator}
39%
Person who shot him in 1981John Hinckley
38%
Fill-in-the-blank{Government} is not the solution to our problems;
{government} is the problem
36%
His first wifeJane Wyman
29%
Childhood nickname, based
on his haircut
Dutch
16%

Score Distribution

Percentile by Number Answered

Percent of People with Each Score

Your Score History

You have not taken this quiz